[Event "ABC-4 2025 Groep B"]
[Site "Utrecht"]
[Date "2025.03.15"]
[Round "2.1"]
[White "Lopes, Samuel"]
[Black "Hallibert, Emilien"]
[Result "0-1"]
[WhiteFideId "8763414"]
[BlackFideId "8872523"]
[WhiteElo "2017"]
[BlackElo "2003"]

1. e4 {[%clk 00:55:14]} {[%emt 00:00:06]} c6 {[%clk 00:55:18]} {[%emt
00:00:02]} 2. d4 {[%clk 00:55:17]} {[%emt 00:00:06]} d5 {[%clk 00:55:25]}
{[%emt 00:00:03]} 3. exd5 {[%clk 00:55:21]} {[%emt 00:00:06]} cxd5 {[%clk
00:55:32]} {[%emt 00:00:03]} 4. c4 {[%clk 00:55:24]} {[%emt 00:00:07]} Nf6
{[%clk 00:55:38]} {[%emt 00:00:05]} 5. Nc3 {[%clk 00:55:24]} {[%emt 00:00:09]}
g6 {[%clk 00:55:43]} {[%emt 00:00:05]} 6. Nf3 {[%clk 00:55:15]} {[%emt
00:00:20]} Bg7 {[%clk 00:55:48]} {[%emt 00:00:05]} 7. h3 {[%clk 00:54:49]}
{[%emt 00:00:35]} a6 {[%clk 00:53:53]} {[%emt 00:02:05]} 8. c5 {[%clk
00:54:34]} {[%emt 00:00:25]} O-O {[%clk 00:51:41]} {[%emt 00:02:22]} 9. Bd3
{[%clk 00:53:37]} {[%emt 00:01:07]} Nc6 {[%clk 00:49:24]} {[%emt 00:02:29]} 10.
O-O {[%clk 00:49:26]} {[%emt 00:04:19]} Qc7 {[%clk 00:46:07]} {[%emt 00:03:27]}
11. Bg5 {[%clk 00:47:36]} {[%emt 00:02:01]} Rd8 {[%clk 00:39:28]} {[%emt
00:06:50]} 12. Re1 {[%clk 00:42:23]} {[%emt 00:05:22]} h6 {[%clk 00:37:01]}
{[%emt 00:02:37]} 13. Bh4 {[%clk 00:41:34]} {[%emt 00:00:59]} Nh5 {[%clk
00:31:20]} {[%emt 00:05:52]} 14. Bc2 {[%clk 00:38:49]} {[%emt 00:02:55]} g5
{[%clk 00:26:55]} {[%emt 00:04:35]} 15. Ne5 {[%clk 00:31:02]} {[%emt 00:07:57]}
Nxe5 {[%clk 00:22:14]} {[%emt 00:04:52]} 16. Qxh5 {[%clk 00:28:54]} {[%emt
00:02:17]} Ng6 {[%clk 00:18:58]} {[%emt 00:03:26]} 17. Bxg6 {[%clk 00:26:00]}
{[%emt 00:03:03]} fxg6 {[%clk 00:18:33]} {[%emt 00:00:36]} 18. Qxg6 {[%clk
00:19:32]} {[%emt 00:06:38]} gxh4 {[%clk 00:18:00]} {[%emt 00:00:43]} 19. Qh5
{[%clk 00:16:59]} {[%emt 00:02:43]} e6 {[%clk 00:15:42]} {[%emt 00:02:28]} 20.
Qxh4 {[%clk 00:16:01]} {[%emt 00:01:08]} Rf8 {[%clk 00:14:05]} {[%emt
00:01:48]} 21. Rad1 {[%clk 00:11:46]} {[%emt 00:04:24]} Qf4 {[%clk 00:13:50]}
{[%emt 00:00:25]} 22. Qxf4 {[%clk 00:09:58]} {[%emt 00:01:59]} Rxf4 {[%clk
00:13:52]} {[%emt 00:00:08]} 23. Ne2 {[%clk 00:10:03]} {[%emt 00:00:05]} Rf7
{[%clk 00:13:30]} {[%emt 00:00:31]} 24. f4 {[%clk 00:08:59]} {[%emt 00:01:14]}
Bd7 {[%clk 00:12:37]} {[%emt 00:01:03]} 25. g3 {[%clk 00:08:46]} {[%emt
00:00:23]} b6 {[%clk 00:10:53]} {[%emt 00:01:55]} 26. b4 {[%clk 00:08:05]}
{[%emt 00:00:50]} a5 {[%clk 00:08:39]} {[%emt 00:02:24]} 27. a3 {[%clk
00:07:41]} {[%emt 00:00:34]} axb4 {[%clk 00:08:36]} {[%emt 00:00:14]} 28. axb4
{[%clk 00:07:48]} {[%emt 00:00:03]} Ra4 {[%clk 00:08:07]} {[%emt 00:00:38]} 29.
cxb6 {[%clk 00:06:33]} {[%emt 00:01:25]} Rxb4 {[%clk 00:07:57]} {[%emt
00:00:21]} 30. Rb1 {[%clk 00:06:33]} {[%emt 00:00:10]} Rxb1 {[%clk 00:07:59]}
{[%emt 00:00:08]} 31. Rxb1 {[%clk 00:06:41]} {[%emt 00:00:01]} Bc6 {[%clk
00:08:01]} {[%emt 00:00:07]} 32. Rb4 {[%clk 00:03:43]} {[%emt 00:03:08]} Rb7
{[%clk 00:07:16]} {[%emt 00:00:54]} 33. Kg2 {[%clk 00:03:35]} {[%emt 00:00:20]}
Bf6 {[%clk 00:06:40]} {[%emt 00:00:45]} 34. Nc1 {[%clk 00:03:01]} {[%emt
00:00:45]} Bd8 {[%clk 00:06:34]} {[%emt 00:00:16]} 35. Nd3 {[%clk 00:03:04]}
{[%emt 00:00:06]} Rxb6 {[%clk 00:06:24]} {[%emt 00:00:21]} 36. Kf3 {[%clk
00:02:02]} {[%emt 00:01:12]} Kg7 {[%clk 00:05:21]} {[%emt 00:01:13]} 37. Rxb6
{[%clk 00:01:34]} {[%emt 00:00:39]} Bxb6 {[%clk 00:05:31]} 38. Ne5 {[%clk
00:01:18]} {[%emt 00:00:26]} Bb5 {[%clk 00:04:57]} {[%emt 00:00:43]} 39. Ke3
{[%clk 00:01:23]} {[%emt 00:00:04]} Bc7 {[%clk 00:04:26]} {[%emt 00:00:41]} 40.
Nf3 {[%clk 00:01:24]} {[%emt 00:00:09]} Bf1 {[%clk 00:04:29]} {[%emt 00:00:08]}
41. h4 {[%clk 00:00:46]} {[%emt 00:00:49]} Bh3 {[%clk 00:04:37]} {[%emt
00:00:01]} 42. Ne1 {[%clk 00:00:46]} {[%emt 00:00:10]} Kg6 {[%clk 00:04:14]}
{[%emt 00:00:32]} 43. Nd3 {[%clk 00:00:50]} {[%emt 00:00:06]} Kf5 {[%clk
00:04:00]} {[%emt 00:00:24]} 44. Nf2 {[%clk 00:00:53]} {[%emt 00:00:07]} Bg4
{[%clk 00:03:49]} {[%emt 00:00:20]} 45. Nd3 {[%clk 00:00:59]} {[%emt 00:00:04]}
Ba5 {[%clk 00:03:35]} {[%emt 00:00:24]} 46. Ne5 {[%clk 00:00:44]} {[%emt
00:00:25]} Be1 {[%clk 00:03:06]} {[%emt 00:00:39]} 47. Nf7 {[%clk 00:00:36]}
{[%emt 00:00:18]} h5 {[%clk 00:02:55]} {[%emt 00:00:21]} 48. Nd6+ {[%clk
00:00:20]} {[%emt 00:00:26]} Kg6 {[%clk 00:02:56]} {[%emt 00:00:08]} 49. f5+
{[%clk 00:00:26]} {[%emt 00:00:04]} Bxf5 {[%clk 00:01:57]} {[%emt 00:01:09]} 50.
Kf4 {[%clk 00:00:34]} {[%emt 00:00:02]} Bd2+ {[%clk 00:01:43]} {[%emt
00:00:24]} 51. Ke5 {[%clk 00:00:19]} {[%emt 00:00:26]} Be3 {[%clk 00:00:43]}
{[%emt 00:01:10]} 52. Nb5 {[%clk 00:00:16]} {[%emt 00:00:13]} Bf2 {[%clk
00:00:44]} {[%emt 00:00:09]} 53. Kf4 {[%clk 00:00:25]} {[%emt 00:00:01]} Bd3
{[%clk 00:00:39]} {[%emt 00:00:15]} 54. Nc7 {[%clk 00:00:33]} {[%emt 00:00:02]}
Kf7 {[%clk 00:00:35]} {[%emt 00:00:14]} 55. Kg5 {[%clk 00:00:21]} {[%emt
00:00:22]} Bxd4 {[%clk 00:00:33]} {[%emt 00:00:11]} 56. Kxh5 {[%clk 00:00:24]}
{[%emt 00:00:07]} Be5 {[%emt 00:00:04]} 57. Na8 {[%clk 00:00:30]} Bxg3 {[%clk
00:00:41]} {[%emt 00:00:10]} 58. Kg4 {[%clk 00:00:33]} {[%emt 00:00:07]} Bd6
{[%clk 00:00:44]} {[%emt 00:00:07]} 59. Nb6 {[%clk 00:00:39]} {[%emt 00:00:05]}
Be2+ {[%clk 00:00:43]} {[%emt 00:00:12]} 60. Kh3 {[%clk 00:00:36]} {[%emt
00:00:12]} Bf3 {[%clk 00:00:34]} {[%emt 00:00:19]} 61. Nc8 {[%clk 00:00:19]}
{[%emt 00:00:27]} Bc5 {[%clk 00:00:43]} 62. h5 {[%clk 00:00:25]} {[%emt
00:00:04]} Bxh5 {[%clk 00:00:50]} {[%emt 00:00:02]} 63. Kh4 {[%clk 00:00:33]}
{[%emt 00:00:02]} Be2 {[%clk 00:00:57]} {[%emt 00:00:03]} 64. Kg5 {[%clk
00:00:39]} {[%emt 00:00:03]} Ba6 {[%clk 00:01:05]} {[%emt 00:00:02]} 0-1

[Event "ABC-4 2025 Groep B"]
[Site "Utrecht"]
[Date "2025.03.15"]
[Round "2.2"]
[White "Teianu, Maxim"]
[Black "Hylarides, Charlie Ronald"]
[Result "1-0"]
[WhiteFideId "8926093"]
[BlackFideId "9041758"]
[WhiteElo "1986"]
[BlackElo "1923"]

1. d4 {[%clk 00:55:18]} {[%emt 00:00:02]} Nf6 {[%clk 00:55:07]} {[%emt
00:00:14]} 2. c4 {[%clk 00:55:11]} {[%emt 00:00:17]} e6 {[%clk 00:55:10]}
{[%emt 00:00:06]} 3. Nf3 {[%clk 00:55:12]} {[%emt 00:00:09]} b6 {[%clk
00:55:13]} {[%emt 00:00:08]} 4. g3 {[%clk 00:55:14]} {[%emt 00:00:08]} Bb7
{[%clk 00:55:16]} {[%emt 00:00:07]} 5. Bg2 {[%clk 00:54:36]} {[%emt 00:00:48]}
Be7 {[%clk 00:55:12]} {[%emt 00:00:13]} 6. O-O {[%clk 00:54:31]} {[%emt
00:00:16]} O-O {[%clk 00:55:14]} {[%emt 00:00:08]} 7. Nc3 {[%clk 00:54:34]}
{[%emt 00:00:07]} Ne4 {[%clk 00:55:13]} {[%emt 00:00:11]} 8. Bd2 {[%clk
00:53:41]} {[%emt 00:01:04]} f5 {[%clk 00:54:13]} {[%emt 00:01:10]} 9. Qc2
{[%clk 00:52:20]} {[%emt 00:01:32]} Nxc3 {[%clk 00:51:01]} {[%emt 00:03:22]} 10.
Bxc3 {[%clk 00:52:00]} {[%emt 00:00:30]} d6 {[%clk 00:50:03]} {[%emt 00:01:07]}
11. d5 {[%clk 00:48:14]} {[%emt 00:03:57]} e5 {[%clk 00:48:57]} {[%emt
00:01:15]} 12. Rfd1 {[%clk 00:46:41]} {[%emt 00:01:43]} Nd7 {[%clk 00:46:28]}
{[%emt 00:02:40]} 13. b4 {[%clk 00:45:45]} {[%emt 00:01:06]} Qe8 {[%clk
00:44:57]} {[%emt 00:01:41]} 14. a3 {[%clk 00:42:54]} {[%emt 00:03:01]} Qh5
{[%clk 00:33:33]} {[%emt 00:11:34]} 15. Nd2 {[%clk 00:34:42]} {[%emt 00:08:22]}
Rae8 {[%clk 00:25:57]} {[%emt 00:07:47]} 16. Nf1 {[%clk 00:32:43]} {[%emt
00:02:09]} g5 {[%clk 00:22:45]} {[%emt 00:03:22]} 17. f3 {[%clk 00:29:18]}
{[%emt 00:03:35]} g4 {[%clk 00:16:49]} {[%emt 00:06:07]} 18. Re1 {[%clk
00:23:47]} {[%emt 00:05:40]} Bg5 {[%clk 00:15:24]} {[%emt 00:01:35]} 19. fxg4
{[%clk 00:20:51]} {[%emt 00:03:06]} Qxg4 {[%clk 00:13:57]} {[%emt 00:01:37]} 20.
e4 {[%clk 00:16:52]} {[%emt 00:04:08]} f4 {[%clk 00:12:59]} {[%emt 00:01:09]}
21. h3 {[%clk 00:16:55]} {[%emt 00:00:07]} Qh5 {[%clk 00:12:56]} {[%emt
00:00:13]} 22. g4 {[%clk 00:16:54]} {[%emt 00:00:11]} Qh4 {[%clk 00:11:25]}
{[%emt 00:01:41]} 23. Nh2 {[%clk 00:16:45]} {[%emt 00:00:20]} Rf7 {[%clk
00:05:27]} {[%emt 00:06:08]} 24. Nf3 {[%clk 00:16:34]} {[%emt 00:00:20]} Qh6
{[%clk 00:05:30]} {[%emt 00:00:08]} 25. Qf2 {[%clk 00:13:52]} {[%emt 00:02:52]}
Nf8 {[%clk 00:04:45]} {[%emt 00:00:55]} 26. Rf1 {[%clk 00:12:38]} {[%emt
00:01:24]} Ng6 {[%clk 00:04:46]} {[%emt 00:00:09]} 27. Be1 {[%clk 00:12:28]}
{[%emt 00:00:20]} Bd8 {[%clk 00:04:01]} {[%emt 00:00:55]} 28. a4 {[%clk
00:09:49]} {[%emt 00:02:50]} Ba6 {[%clk 00:03:14]} {[%emt 00:00:57]} 29. Rc1
{[%clk 00:09:49]} {[%emt 00:00:09]} Qg7 {[%clk 00:02:58]} {[%emt 00:00:26]} 30.
Kh1 {[%clk 00:09:28]} {[%emt 00:00:32]} Kf8 {[%clk 00:01:26]} {[%emt 00:01:43]}
31. Rg1 {[%clk 00:08:46]} {[%emt 00:00:51]} Ke7 {[%clk 00:01:16]} {[%emt
00:00:21]} 32. h4 {[%clk 00:06:56]} {[%emt 00:02:00]} Bc8 {[%clk 00:01:11]}
{[%emt 00:00:16]} 33. Bh3 {[%clk 00:06:46]} {[%emt 00:00:19]} Rg8 {[%clk
00:00:39]} {[%emt 00:00:43]} 34. h5 {[%clk 00:06:28]} {[%emt 00:00:28]} Nf8
{[%clk 00:00:28]} {[%emt 00:00:20]} 35. Qh4+ {[%clk 00:05:49]} {[%emt
00:00:49]} Ke8 {[%clk 00:00:36]} {[%emt 00:00:02]} 36. g5 {[%clk 00:05:45]}
{[%emt 00:00:15]} Nd7 {[%clk 00:00:32]} {[%emt 00:00:14]} 37. Be6 {[%clk
00:05:42]} {[%emt 00:00:12]} h6 {[%clk 00:00:27]} {[%emt 00:00:15]} 38. Bxf7+
{[%clk 00:04:40]} {[%emt 00:01:12]} Qxf7 {[%clk 00:00:36]} {[%emt 00:00:01]} 39.
g6 {[%clk 00:04:23]} {[%emt 00:00:27]} Qg7 {[%clk 00:00:22]} {[%emt 00:00:23]}
40. Qh3 {[%clk 00:04:05]} {[%emt 00:00:28]} Ke7 {[%clk 00:00:16]} {[%emt
00:00:18]} 41. Bh4+ {[%clk 00:04:02]} {[%emt 00:00:13]} Ke8 {[%clk 00:00:18]}
{[%emt 00:00:07]} 42. Qe6+ {[%clk 00:03:55]} {[%emt 00:00:17]} 1-0

[Event "ABC-4 2025 Groep B"]
[Site "Utrecht"]
[Date "2025.03.15"]
[Round "2.3"]
[White "Ngangbam, Chingthang"]
[Black "De Wit, Evan"]
[Result "0-1"]
[WhiteFideId "8869729"]
[BlackFideId "8935949"]
[WhiteElo "1920"]
[BlackElo "2049"]

1. e4 {[%clk 00:55:15]} {[%emt 00:00:04]} e5 {[%clk 00:55:03]} {[%emt
00:00:18]} 2. Nf3 {[%clk 00:55:07]} {[%emt 00:00:18]} Nc6 {[%clk 00:55:07]}
{[%emt 00:00:06]} 3. Bc4 {[%clk 00:55:09]} {[%emt 00:00:08]} Nf6 {[%clk
00:55:11]} {[%emt 00:00:06]} 4. d3 {[%clk 00:55:03]} {[%emt 00:00:16]} Bc5
{[%clk 00:55:15]} {[%emt 00:00:07]} 5. c3 {[%clk 00:54:57]} {[%emt 00:00:15]}
d6 {[%clk 00:55:19]} {[%emt 00:00:06]} 6. O-O {[%clk 00:54:20]} {[%emt
00:00:47]} a5 {[%clk 00:55:26]} {[%emt 00:00:04]} 7. a4 {[%clk 00:53:12]}
{[%emt 00:01:17]} Ba7 {[%clk 00:55:02]} {[%emt 00:00:34]} 8. Re1 {[%clk
00:51:21]} {[%emt 00:02:01]} h6 {[%clk 00:54:12]} {[%emt 00:01:01]} 9. d4
{[%clk 00:46:50]} {[%emt 00:04:41]} O-O {[%clk 00:54:07]} {[%emt 00:00:15]} 10.
h3 {[%clk 00:38:45]} {[%emt 00:08:14]} Qe7 {[%clk 00:52:14]} {[%emt 00:02:03]}
11. Qd3 {[%clk 00:34:28]} {[%emt 00:04:27]} Kh8 {[%clk 00:51:06]} {[%emt
00:01:18]} 12. Nbd2 {[%clk 00:29:34]} {[%emt 00:05:04]} g5 {[%clk 00:49:07]}
{[%emt 00:02:09]} 13. Nf1 {[%clk 00:26:04]} {[%emt 00:03:39]} Nh5 {[%clk
00:47:13]} {[%emt 00:02:04]} 14. Bb3 {[%clk 00:22:49]} {[%emt 00:03:26]} Nf4
{[%clk 00:44:56]} {[%emt 00:02:27]} 15. Bxf4 {[%clk 00:22:35]} {[%emt
00:00:24]} gxf4 {[%clk 00:44:57]} {[%emt 00:00:10]} 16. Rad1 {[%clk 00:20:40]}
{[%emt 00:02:05]} Qf6 {[%clk 00:38:47]} {[%emt 00:06:20]} 17. Kh2 {[%clk
00:17:58]} {[%emt 00:02:50]} Qg6 {[%clk 00:34:48]} {[%emt 00:04:10]} 18. Nh4
{[%clk 00:08:44]} {[%emt 00:09:24]} Qh5 {[%clk 00:33:10]} {[%emt 00:01:49]} 19.
g3 {[%clk 00:06:45]} {[%emt 00:02:09]} exd4 {[%clk 00:32:57]} {[%emt 00:00:23]}
20. Bc2 {[%clk 00:05:50]} {[%emt 00:01:05]} Ne5 {[%clk 00:32:00]} {[%emt
00:01:08]} 21. Qe2 {[%clk 00:05:06]} {[%emt 00:00:52]} Qxe2 {[%clk 00:30:46]}
{[%emt 00:01:26]} 22. Rxe2 {[%clk 00:05:09]} {[%emt 00:00:07]} f3 {[%clk
00:28:31]} {[%emt 00:02:25]} 23. Ree1 {[%clk 00:04:18]} {[%emt 00:00:59]} dxc3
{[%clk 00:28:22]} {[%emt 00:00:22]} 24. bxc3 {[%clk 00:03:15]} {[%emt
00:01:13]} Bxf2 {[%clk 00:28:24]} {[%emt 00:00:08]} 0-1

[Event "ABC-4 2025 Groep B"]
[Site "Utrecht"]
[Date "2025.03.15"]
[Round "2.4"]
[White "Woldhuis, Marnik"]
[Black "Garay, Enzo"]
[Result "0-1"]
[WhiteFideId "8820218"]
[BlackFideId "8989948"]
[WhiteElo "1961"]
[BlackElo "1978"]

1. e4 {[%clk 00:55:19]} e6 {[%clk 00:55:04]} {[%emt 00:00:16]} 2. d4 {[%clk
00:55:22]} {[%emt 00:00:07]} d5 {[%clk 00:55:11]} {[%emt 00:00:03]} 3. exd5
{[%clk 00:55:24]} {[%emt 00:00:08]} exd5 {[%clk 00:55:10]} {[%emt 00:00:11]} 4.
Nf3 {[%clk 00:55:06]} {[%emt 00:00:28]} Bd6 {[%clk 00:55:11]} {[%emt 00:00:09]}
5. c4 {[%clk 00:55:03]} {[%emt 00:00:13]} c6 {[%clk 00:54:07]} {[%emt
00:01:15]} 6. Nc3 {[%clk 00:55:02]} {[%emt 00:00:10]} Ne7 {[%clk 00:53:58]}
{[%emt 00:00:18]} 7. c5 {[%clk 00:54:42]} {[%emt 00:00:31]} Bc7 {[%clk
00:54:03]} {[%emt 00:00:05]} 8. Bd3 {[%clk 00:54:46]} {[%emt 00:00:05]} Bg4
{[%clk 00:52:38]} {[%emt 00:01:34]} 9. O-O {[%clk 00:54:45]} {[%emt 00:00:11]}
h6 {[%clk 00:49:56]} {[%emt 00:02:52]} 10. Bc2 {[%clk 00:52:16]} {[%emt
00:02:40]} O-O {[%clk 00:48:25]} {[%emt 00:01:41]} 11. Qd3 {[%clk 00:51:37]}
{[%emt 00:00:50]} Bf5 {[%clk 00:48:08]} {[%emt 00:00:28]} 12. Qd1 {[%clk
00:51:40]} {[%emt 00:00:07]} Nd7 {[%clk 00:45:08]} {[%emt 00:03:09]} 13. Nh4
{[%clk 00:50:06]} {[%emt 00:01:45]} Bxc2 {[%clk 00:43:51]} {[%emt 00:01:26]} 14.
Qxc2 {[%clk 00:50:14]} {[%emt 00:00:04]} b6 {[%clk 00:40:08]} {[%emt 00:03:52]}
15. Rd1 {[%clk 00:48:10]} {[%emt 00:02:14]} bxc5 {[%clk 00:38:20]} {[%emt
00:01:59]} 16. Nf5 {[%clk 00:46:48]} {[%emt 00:01:32]} Nxf5 {[%clk 00:37:59]}
{[%emt 00:00:32]} 17. Qxf5 {[%clk 00:46:52]} {[%emt 00:00:05]} Re8 {[%clk
00:36:13]} {[%emt 00:01:56]} 18. dxc5 {[%clk 00:38:59]} {[%emt 00:08:04]} Nxc5
{[%clk 00:35:57]} {[%emt 00:00:26]} 19. Qg4 {[%clk 00:38:44]} {[%emt 00:00:25]}
Qd6 {[%clk 00:34:48]} {[%emt 00:01:18]} 20. g3 {[%clk 00:38:03]} {[%emt
00:00:52]} Qf6 {[%clk 00:32:49]} {[%emt 00:02:08]} 21. Be3 {[%clk 00:36:42]}
{[%emt 00:01:32]} Ne6 {[%clk 00:32:11]} {[%emt 00:00:47]} 22. Ne2 {[%clk
00:36:06]} {[%emt 00:00:46]} Bb6 {[%clk 00:30:54]} {[%emt 00:01:26]} 23. Bf4
{[%clk 00:30:26]} {[%emt 00:05:49]} Rad8 {[%clk 00:26:36]} {[%emt 00:04:28]} 24.
Rac1 {[%clk 00:28:50]} {[%emt 00:01:46]} c5 {[%clk 00:24:35]} {[%emt 00:02:12]}
25. Qh5 {[%clk 00:27:58]} {[%emt 00:01:01]} d4 {[%clk 00:23:01]} {[%emt
00:01:44]} 26. Be5 {[%clk 00:27:20]} {[%emt 00:00:49]} Qg5 {[%clk 00:22:49]}
{[%emt 00:00:22]} 0-1

[Event "ABC-4 2025 Groep B"]
[Site "Utrecht"]
[Date "2025.03.15"]
[Round "2.5"]
[White "Hagen, Carlijn"]
[Black "Katpatal, Akshaj"]
[Result "0-1"]
[WhiteFideId "8829128"]
[BlackFideId "8800165"]
[WhiteElo "1910"]
[BlackElo "1974"]

1. e4 {[%clk 00:55:17]} {[%emt 00:00:02]} c5 {[%clk 00:54:41]} {[%emt
00:00:40]} 2. Nf3 {[%clk 00:55:19]} {[%emt 00:00:07]} Nc6 {[%clk 00:54:21]}
{[%emt 00:00:30]} 3. c3 {[%clk 00:55:10]} {[%emt 00:00:19]} e6 {[%clk
00:53:26]} {[%emt 00:01:05]} 4. d4 {[%clk 00:54:38]} {[%emt 00:00:42]} cxd4
{[%clk 00:52:40]} {[%emt 00:00:57]} 5. cxd4 {[%clk 00:54:39]} {[%emt 00:00:08]}
d5 {[%clk 00:52:13]} {[%emt 00:00:37]} 6. e5 {[%clk 00:53:24]} {[%emt
00:01:25]} Nge7 {[%clk 00:51:31]} {[%emt 00:00:52]} 7. Bg5 {[%clk 00:51:48]}
{[%emt 00:01:46]} Qb6 {[%clk 00:50:31]} {[%emt 00:01:10]} 8. Nc3 {[%clk
00:48:33]} {[%emt 00:03:25]} Nf5 {[%clk 00:46:33]} {[%emt 00:04:07]} 9. Bb5
{[%clk 00:47:14]} {[%emt 00:01:31]} Bd7 {[%clk 00:44:35]} {[%emt 00:02:07]} 10.
Bxc6 {[%clk 00:42:50]} {[%emt 00:04:33]} Bxc6 {[%clk 00:44:12]} {[%emt
00:00:34]} 11. Rb1 {[%clk 00:41:29]} {[%emt 00:01:31]} Bb4 {[%clk 00:42:53]}
{[%emt 00:01:27]} 12. O-O {[%clk 00:41:12]} {[%emt 00:00:27]} h6 {[%clk
00:42:13]} {[%emt 00:00:51]} 13. Be3 {[%clk 00:39:34]} {[%emt 00:01:48]} Nxe3
{[%clk 00:40:27]} {[%emt 00:01:57]} 14. fxe3 {[%clk 00:39:36]} {[%emt
00:00:07]} Rc8 {[%clk 00:39:22]} {[%emt 00:01:16]} 15. Rc1 {[%clk 00:35:21]}
{[%emt 00:04:24]} Be7 {[%clk 00:36:15]} {[%emt 00:03:17]} 16. Qd2 {[%clk
00:32:36]} {[%emt 00:02:56]} O-O {[%clk 00:33:58]} {[%emt 00:02:27]} 17. Ne2
{[%clk 00:29:10]} {[%emt 00:03:35]} Bb5 {[%clk 00:33:12]} {[%emt 00:00:56]} 18.
Rfe1 {[%clk 00:28:32]} {[%emt 00:00:48]} Bc4 {[%clk 00:31:20]} {[%emt
00:02:03]} 19. a3 {[%clk 00:27:06]} {[%emt 00:01:36]} Rc6 {[%clk 00:29:56]}
{[%emt 00:01:29]} 20. Nf4 {[%clk 00:25:25]} {[%emt 00:01:55]} Rfc8 {[%clk
00:28:50]} {[%emt 00:01:16]} 21. e4 {[%clk 00:20:58]} {[%emt 00:04:37]} dxe4
{[%clk 00:25:02]} {[%emt 00:03:58]} 22. Rxe4 {[%clk 00:20:53]} {[%emt
00:00:15]} g5 {[%clk 00:23:12]} {[%emt 00:01:59]} 23. Ne2 {[%clk 00:18:23]}
{[%emt 00:02:40]} Bd5 {[%clk 00:19:18]} {[%emt 00:04:05]} 24. Rxc6 {[%clk
00:18:19]} {[%emt 00:00:15]} Qxc6 {[%clk 00:18:53]} {[%emt 00:00:35]} 25. Re3
{[%clk 00:17:49]} {[%emt 00:00:40]} Bxf3 {[%clk 00:13:40]} {[%emt 00:05:22]} 26.
Rxf3 {[%clk 00:17:50]} {[%emt 00:00:09]} Qc2 {[%clk 00:13:42]} {[%emt
00:00:07]} 27. Rd3 {[%clk 00:16:36]} {[%emt 00:01:25]} Qb1+ {[%clk 00:13:03]}
{[%emt 00:00:48]} 28. Qd1 {[%clk 00:15:14]} {[%emt 00:01:33]} Qxd1+ {[%clk
00:11:38]} {[%emt 00:01:35]} 29. Rxd1 {[%clk 00:15:18]} {[%emt 00:00:05]} Rc2
{[%clk 00:11:12]} {[%emt 00:00:36]} 30. Ng3 {[%clk 00:14:56]} {[%emt 00:00:32]}
Rxb2 {[%clk 00:10:33]} {[%emt 00:00:49]} 31. Ne4 {[%clk 00:14:38]} {[%emt
00:00:28]} Bxa3 {[%clk 00:09:15]} {[%emt 00:01:29]} 32. d5 {[%clk 00:13:47]}
{[%emt 00:01:01]} exd5 {[%clk 00:08:17]} {[%emt 00:01:07]} 33. Rxd5 {[%clk
00:13:18]} {[%emt 00:00:39]} Re2 {[%clk 00:07:17]} {[%emt 00:01:10]} 34. Ng3
{[%clk 00:12:15]} {[%emt 00:01:14]} Rc2 {[%clk 00:06:09]} {[%emt 00:01:17]} 35.
Ne4 {[%clk 00:11:29]} {[%emt 00:00:56]} Kf8 {[%clk 00:04:25]} {[%emt 00:01:54]}
36. Ra5 {[%clk 00:09:51]} {[%emt 00:01:49]} Bb2 {[%clk 00:04:20]} {[%emt
00:00:15]} 37. Rb5 {[%clk 00:08:57]} {[%emt 00:01:04]} b6 {[%clk 00:03:14]}
{[%emt 00:01:16]} 38. Ng3 {[%clk 00:07:11]} {[%emt 00:01:56]} Bd4+ {[%clk
00:03:06]} {[%emt 00:00:17]} 39. Kf1 {[%clk 00:07:10]} {[%emt 00:00:11]} Rc5
{[%clk 00:03:05]} {[%emt 00:00:11]} 0-1